Statistics for Female Versions of Male Names #2

Click here to take the quiz!

General Stats

  • This quiz has been taken 310 times
    (65 since last reset)
  • The average score is 20 of 28

Answer Stats

HintAnswer% Correct
JuliusJulia
96%
AlexanderAlexandra
96%
AdrianAdrienne
95%
ChristianChristine
93%
PatrickPatricia
91%
GeorgeGeorgia
89%
CarlCarla
86%
MichaelMichelle
86%
KyleKyla
81%
OliverOlivia
81%
DennisDenise
79%
MartinMartina
79%
AlanAlana
77%
SimonSimone
72%
EdwinEdwina
70%
HenryHenrietta
70%
SamuelSamantha
68%
CorneliusCornelia
65%
ReginaldRegina
65%
TheodoreTheodora
63%
FelixFelicia
63%
PhilipPhilippa
63%
JohnJoan
60%
FrederickFrederica
54%
SylvesterSylvia
53%
LukeLucy
51%
WilliamWilma
30%
AnthonyTonya
4%

Score Distribution

Percentile by Number Answered

Percent of People with Each Score

Your Score History

You have not taken this quiz since the last reset